00682nam a2200241 a 4500001001300000003000900013005001700022008004100039020001000080082001300090100001800103245004300121260003700164300000900201500003500210505001000245650002400255700001800279902000800297942000700305952011300312999001500425nice12345678IN_TiNIC20260116011521.0050524s0000 lona grp 000 0 eng  ac10000a201bSMI aSmith, Thomas aAlexander Duffb Man Worth Remembering aLondonbHodder & Stoughtonc0000 a200p aincludes index and biblioraphy2 aIndex aChristian-Biography1 aSmith, Thomas bRBA cBK 001040708RareBook->aHMIbHMId2007-08-01g100.00l0o201 SMIp00740r2007-08-01v100.00w2005-05-24yBK c2234d2234